[Event "31st open TETEVEN"]
[Site "Teteven"]
[Date "2016.08.20"]
[Round "8.25"]
[White "Georgiev, Nikolay Zh."]
[Black "Dimitrov, Ivan"]
[Result "1/2-1/2"]
[WhiteElo "1537"]
[BlackElo "1881"]
[PlyCount "103"]
[EventDate "2016.08.13"]
[EventType "swiss"]
[EventRounds "9"]
[EventCountry "BUL"]

1. e4 c5 2. f4 e6 3. Nf3 a6 4. c3 Nf6 ({RR} 4... d5 5. e5 d4 6. d3 Nc6 7. g3
Nh6 8. Bg2 Be7 9. O-O O-O 10. Qe2 Qd7 11. c4 b5 12. b3 bxc4 13. bxc4 Rb8 14.
Nbd2 Nb4 15. Ne4 Bb7 16. Ne1 Nf5 17. g4 Ne3 18. Bxe3 dxe3 19. Qxe3 {
Gomez Baillo,J (2456)-Sunye Neto,J (2555)/Buenos Aires 2000/CBM 079/1-0 (35)})
5. d3 ({RR} 5. Bd3 Qc7 6. O-O b5 7. Bc2 Bb7 8. Qe2 Nc6 9. d3 Be7 10. Be3 Rc8
11. Nbd2 d5 12. Rac1 a5 13. Kh1 Ba6 14. e5 Nd7 15. d4 g6 16. Bd3 Qb6 17. g4 Nd8
18. dxc5 Bxc5 19. Nd4 Nc6 {
Sequera Paolini,J (2413)-Pichot,A (2486)/Rochefort 2015/CBM 165 Extra/1/2 (41)}
) 5... Nc6 6. h3 $146 ({RR} 6. g3 d5 7. e5 Nd7 8. Bg2 b5 9. Be3 Be7 10. Bf2 a5
11. Nbd2 Ba6 12. Qc2 h6 13. h4 Rc8 14. a3 Qc7 15. O-O g5 16. hxg5 hxg5 17. Rfe1
gxf4 18. gxf4 Nf8 19. Bg3 Qb6 20. Qb1 Kd7 {
Franke,U (1994)-Berthold,A (2236)/Leutersdorf 2011/CBM 141 Extra/0-1}) 6... d6
7. g4 Be7 8. Be3 e5 9. f5 d5 10. Nbd2 d4 11. cxd4 cxd4 12. Bg5 b5 13. Bxf6 Bxf6
14. h4 h6 15. Kf2 Bb7 16. Be2 Rc8 17. Qg1 Be7 18. Qg3 f6 19. a3 a5 20. Rhc1 a4
21. Bd1 Na5 22. Ne1 Rc7 23. h5 Qc8 24. Rxc7 Qxc7 25. Qf3 O-O 26. Bc2 Rc8 27.
Qd1 Bc6 28. Ndf3 Be8 29. Ng1 Bf7 30. Ne2 Nb3 31. Rb1 Qa5 32. Nc1 Qd2+ 33. Qxd2
Nxd2 34. Ra1 Nb3 35. Nxb3 axb3 36. Bd1 b4 37. a4 Kf8 38. Nf3 Ke8 39. Nd2 Kd8
40. Nxb3 Bxb3 41. Bxb3 Rc7 42. Ke2 Kc8 43. Kd2 Kb7 44. Bc4 Ka7 45. Kc2 Rc5 46.
a5 Bd8 47. a6 Be7 48. Kb3 Rc7 49. Ra5 Bc5 50. Ra4 Be7 51. Ra5 Bc5 52. Ra4
1/2-1/2

[Event "31st open TETEVEN"]
[Site "Teteven"]
[Date "2016.08.20"]
[Round "8.34"]
[White "Nenchev, Georgi"]
[Black "Vachev, Lenko"]
[Result "1/2-1/2"]
[WhiteElo "1462"]
[BlackElo "1698"]
[PlyCount "56"]
[EventDate "2016.08.13"]
[EventType "swiss"]
[EventRounds "9"]
[EventCountry "BUL"]

1. e4 c5 2. c4 d6 3. Nc3 Nf6 4. d3 Nc6 ({RR} 4... b6 5. h3 Bb7 6. g4 e6 7. Bg2
a6 8. a4 Qc7 9. Nge2 h6 10. f4 Nc6 11. Be3 Nb4 12. Na2 Nxa2 13. Rxa2 d5 14. Ng3
O-O-O 15. e5 Nd7 16. Qe2 Be7 17. O-O Bh4 18. Kh2 Bxg3+ 19. Kxg3 {
Meyer,F (2348)-Olsson,L (2369)/Gausdal 2003/EXT 2004/1/2 (44)}) 5. h3 ({RR} 5.
Bg5 e6 6. f4 Be7 7. Nf3 h6 8. Bxf6 Bxf6 9. Be2 O-O 10. Qd2 a6 11. O-O Rb8 12.
g4 Nd4 13. Rae1 Bh4 14. Nxh4 Qxh4 15. Bd1 b5 16. Qf2 Qxf2+ 17. Rxf2 b4 18. Ne2
{1/2 Shaw,R (1813)-Huang,A (2114)/Auckland 2015/CBM 164 Extra}) 5... e6 6. Be3
$146 ({RR} 6. Nf3 Be7 7. Bg5 O-O 8. Nh4 h6 9. Be3 Nd4 10. Nf3 Bd7 11. Nxd4 cxd4
12. Bxd4 a6 13. Be3 Bc6 14. Qf3 d5 15. Qg3 Bd6 16. e5 Bc7 17. Bxh6 g6 18. Bxf8
Qxf8 19. Qf4 Nd7 20. d4 Rc8 {Szluka,A-Hercsel,P/Hungary 2011/EXT 2016/0-1 (36)}
) ({RR} 6. Be2 Be7 7. Nf3 O-O 8. O-O a6 9. a4 Nd7 10. Be3 Nde5 11. Nxe5 Nxe5
12. f4 Nc6 13. Qd2 Bf6 14. Bg4 Nd4 15. Bd1 Qa5 16. Nd5 Bd8 17. Qxa5 Bxa5 18.
Ne7+ Kh8 19. Nxc8 Raxc8 20. Bxd4 cxd4 {
Pintaric,I-Husajina,N (1752)/Croatia 2011/EXT 2014/1-0 (52)}) 6... Be7 7. Nf3
a6 8. Rb1 Qc7 9. Be2 O-O 10. O-O Rb8 11. a3 b5 12. cxb5 axb5 13. Qd2 b4 14. Na2
Ra8 15. Nc1 bxa3 16. bxa3 Rxa3 17. Qb2 Ra8 18. Qd2 Ba6 19. Nb3 Rfb8 20. Na1 e5
21. Qc3 Rb7 22. Rxb7 Qxb7 23. Rc1 Nd4 24. Bxd4 cxd4 25. Qb3 Rb8 26. Rb1 Qxb3
27. Rxb3 Rxb3 28. Nxb3 Bd8 1/2-1/2

[Event "31st open TETEVEN"]
[Site "Teteven"]
[Date "2016.08.20"]
[Round "8.43"]
[White "Banev, Simeon"]
[Black "Karova, Peya"]
[Result "1-0"]
[WhiteElo "1429"]
[BlackElo "1292"]
[PlyCount "75"]
[EventDate "2016.08.13"]
[EventType "swiss"]
[EventRounds "9"]
[EventCountry "BUL"]

1. d4 f5 2. g3 Nf6 3. Bg2 g6 4. c4 Bg7 5. Nf3 Nc6 6. b3 d6 7. Bb2 Nd7 8. Nc3 e5
9. dxe5 dxe5 10. O-O e4 11. Nd2 Nf6 12. Qc2 Qe7 13. a3 Nd4 14. Qd1 Nc6 15. f3
Qc5+ 16. Kh1 e3 17. Ndb1 Qe7 18. Qc2 Bd7 19. Nd5 Nxd5 20. cxd5 Bxb2 21. Qxb2
Qe5 22. Qxe5+ Nxe5 23. Nc3 O-O-O 24. Nd1 Bb5 25. Rc1 Rxd5 26. f4 Rd2 27. fxe5
Re8 28. Bf3 Rxe5 29. Nc3 Ba6 30. Rcd1 Rc5 31. Rc1 Re5 32. b4 Re6 33. b5 Bxb5
34. Nxb5 Kb8 35. Nxc7 Re5 36. Nd5 Ra2 37. Rc3 Re6 38. Nxe3 1-0

[Event "31st open TETEVEN"]
[Site "Teteven"]
[Date "2016.08.21"]
[Round "9.1"]
[White "Monev, Aleksandar"]
[Black "Danov, Lyubomir"]
[Result "0-1"]
[WhiteElo "2167"]
[BlackElo "2342"]
[PlyCount "154"]
[EventDate "2016.08.13"]
[EventType "swiss"]
[EventRounds "9"]
[EventCountry "BUL"]

1. c4 c5 2. Nc3 Nf6 3. g3 e6 4. Bg2 d5 5. cxd5 exd5 6. d3 d4 7. Ne4 Nxe4 8.
Bxe4 Be7 9. Bg2 O-O 10. Nf3 ({RR} 10. Bd2 Nc6 11. Nh3 Re8 12. O-O Bg4 13. Nf4
Bd6 14. Re1 Qd7 15. Rc1 Rac8 16. a3 b6 17. Rc2 Bxf4 18. Bxf4 Be6 19. Rc1 Bd5
20. Qa4 Bxg2 21. Kxg2 Re6 22. b4 g5 23. Bd2 Rce8 24. bxc5 Rh6 {
Gretarsson,H (2370)-Bischoff,K (2505)/Reykjavik 1993/EXT 1997/1/2 (33)}) 10...
Nc6 11. O-O Be6 12. e3 $146 ({RR} 12. Bf4) ({RR} 12. b3 Qd7 13. Re1 Rfd8 14.
Ng5 Bd5 15. Bh3 Qd6 16. Ne4 Qg6 17. f3 f5 18. Nf2 Bd6 19. f4 Be7 20. Bg2 Bxg2
21. Kxg2 Nb4 22. Bd2 Nd5 23. Rc1 Bd6 24. Nh3 Re8 25. b4 cxb4 26. Ng5 Nc3 {
Olsson,L (2067)-Lindberg,B (2442)/Gausdal 2008/CBM 123 Extra/0-1 (37)}) ({RR} 
12. Nd2 Qd7 13. Qa4 Rfc8 14. a3 Rab8 15. Qc2 b5 16. b3 Na5 17. Rb1 Rc7 18. Ne4
Rbc8 19. Bd2 Nb7 20. Bf4 Rc6 21. a4 Rb6 22. Rfc1 f5 23. Nd2 g5 24. Be5 a6 25.
f4 g4 26. axb5 axb5 {
Ivanov,M (2320)-Belov,V (2260)/St Petersburg 1997/CBM 061 Extra/1-0 (35)})
12... dxe3 13. Bxe3 Bd5 14. Qd2 Qd7 15. Rfd1 Rad8 16. b3 Rfe8 17. Rac1 b6 18.
Ne1 Bf6 19. h3 Bxg2 20. Kxg2 Re6 21. Kh2 Rd6 22. Qe2 Nb4 23. Rd2 Qf5 24. Rc4
Nd5 25. g4 Qd7 26. Qf3 Bc3 27. Re2 Re6 28. Kh1 Bxe1 29. Rxe1 Nxe3 30. Rxe3 Rxe3
31. Qxe3 Qxd3 32. Qxd3 Rxd3 33. Kg2 Kf8 34. Rc2 Ke7 35. Re2+ Kd7 36. h4 b5 37.
f3 Kc6 38. Kg3 c4 39. bxc4 bxc4 40. Kf4 Rd7 41. Re8 Kc5 42. Ke3 Kb4 43. Rc8 Kc3
44. Ke4 a5 45. h5 h6 46. f4 a4 47. g5 a3 48. gxh6 gxh6 49. Rc6 Rd2 50. Rxh6
Rxa2 51. Ra6 Kb4 52. Rb6+ Kc5 53. Ra6 Kb5 54. Ra8 Re2+ 55. Kd4 Rd2+ 56. Kc3
Rd3+ 57. Kc2 Rh3 58. h6 Rxh6 59. Rxa3 Rh2+ 60. Kd1 Rf2 61. Ra8 Rxf4 62. Kd2
Rd4+ 63. Kc3 Rd3+ 64. Kc2 f5 65. Rf8 Rf3 66. Kd2 f4 67. Ke2 Re3+ 68. Kd2 c3+
69. Kc2 f3 70. Rc8 Kb4 71. Rb8+ Kc4 72. Rc8+ Kd4 73. Rd8+ Ke4 74. Rf8 Re2+ 75.
Kxc3 f2 76. Rf7 Re3+ 77. Kd2 Rf3 0-1

[Event "31st open TETEVEN"]
[Site "Teteven"]
[Date "2016.08.21"]
[Round "9.2"]
[White "Yordanov, Lachezar"]
[Black "Janakiev, Ivan"]
[Result "1-0"]
[WhiteElo "2267"]
[BlackElo "2077"]
[PlyCount "53"]
[EventDate "2016.08.13"]
[EventType "swiss"]
[EventRounds "9"]
[EventCountry "BUL"]

1. d4 d5 2. c4 e6 3. Nc3 Nf6 4. cxd5 exd5 5. Qc2 c6 6. Bg5 Be7 7. e3 Nbd7 8.
Bd3 O-O 9. Nge2 Re8 10. O-O Nf8 11. f3 Qb6 ({RR} 11... b5 12. Bh4 a6 13. Bf2
Bb7 14. Kh1 Rc8 15. Bf5 Rc7 16. e4 dxe4 17. fxe4 c5 18. Bg3 Rc6 19. Rad1 Nh5
20. dxc5 Nxg3+ 21. Nxg3 Qb8 22. b4 Rh6 23. Bh3 Bf6 24. Nd5 Be5 25. Qf2 Bxg3 26.
Qxf7+ {Gelfand,B (2665)-Beliavsky,A (2655)/Belgrade 1991/CBM 027/1-0 (42)}) 12.
Kh1 Nh5 $146 ({RR} 12... Qa5 13. Bxf6 Bxf6 14. e4 dxe4 15. fxe4 Be6 16. e5 Bg5
17. Nf4 Be7 18. Ne4 Rad8 19. Qf2 Kh8 20. Nxe6 fxe6 21. Nf6 gxf6 22. exf6 Nd7
23. fxe7 Rxe7 24. Qh4 Rde8 25. Rfe1 Qd5 26. Bg6 Rg7 27. Be4 {
Tsapalin,S (1940)-Kolomytchenko,I (2061)/Nalchik 2014/CBM 160 Extra/1-0 (46)})
({RR} 12... Be6 13. e4 dxe4 14. fxe4 Rad8 15. Bxf6 Bxf6 16. Rxf6 gxf6 17. Rf1
Ng6 18. Qd2 Rxd4 19. Nxd4 Qxd4 20. Ne2 Qe5 21. Bb1 c5 22. Ng3 b6 23. Qe2 Qg5
24. Nh5 Rd8 25. Nxf6+ Kh8 26. Qh5 Qxh5 27. Nxh5 {
Mueller,S (2295)-Rath,O (1907)/Germany 2008/EXT 2009/1-0 (52)}) ({RR} 12... h6
13. Bh4 Be6 14. Bf2 Qc7 15. a3 Rad8 16. b4 b6 17. Rfc1 Qd7 18. Qd2 Bd6 19. e4
dxe4 20. fxe4 Bb8 21. Bg1 Bg4 22. e5 Nd5 23. Nxd5 Qxd5 24. Nf4 Qd7 25. Be4 Rxe5
26. Bxc6 Qd6 27. Qb2 {
Fossati,R (2203)-Romano,Z (1872)/Bratto 2006/CBM 113 Extra/1-0 (42)}) 13. Bxe7
Rxe7 14. e4 dxe4 15. fxe4 Bg4 16. Qd2 Rae8 17. Qg5 Bxe2 18. Bxe2 Qxb2 19. Rac1
Nf6 20. Rxf6 Ne6 21. Qe3 gxf6 22. Rf1 Ng7 23. Rxf6 Re6 24. Rf2 Qb4 25. Qf3 Qxd4
26. Qxf7+ Kh8 27. Qf8+ 1-0

[Event "31st open TETEVEN"]
[Site "Teteven"]
[Date "2016.08.21"]
[Round "9.3"]
[White "Yordanova, Svetla"]
[Black "Todorov, Momchil"]
[Result "0-1"]
[WhiteElo "2158"]
[BlackElo "2304"]
[PlyCount "70"]
[EventDate "2016.08.13"]
[EventType "swiss"]
[EventRounds "9"]
[EventCountry "BUL"]

1. e4 c5 2. c3 d5 3. exd5 Qxd5 4. d4 Nf6 5. Nf3 e6 6. a3 Be7 7. Be3 cxd4 8.
cxd4 O-O 9. Nc3 Qd8 10. Bd3 b6 11. Qe2 Bb7 12. O-O Nbd7 13. Rfe1 $146 ({RR} 13.
Rad1 Nd5 14. Bb1 ({RR} 14. Ne4 N7f6 15. Bg5 ({RR} 15. Neg5 h6 16. Nh3 Bd6 17.
Ne5 Qe7 18. Bc1 Rfd8 19. f4 Nh7 20. Rde1 Qc7 21. Qh5 Ndf6 22. Qe2 Bf8 23. Rd1
Rac8 24. f5 Bd5 25. fxe6 Bxe6 26. Nf4 Bd5 27. Nxd5 Rxd5 28. Bc4 Rxe5 29. dxe5
Qxc4 {Exler,V (2113)-Stojanovic,M (2172)/Novi Sad 2009/EXT 2010/1/2 (74)})
15... h6 16. Bc1 Qc7 17. Ne5 Nxe4 18. Qxe4 f5 19. Qe2 Bd6 20. Rfe1 Rf6 21. Qh5
a6 22. Bb1 Bxe5 23. Rxe5 Qf7 24. Qe2 Rg6 25. f3 Rc8 26. Bd2 Rd8 27. Bd3 Nc7 28.
Bc3 a5 {Vidic,T (2096)-Saumanaite,S (1891)/Porec 2015/EXT 2016/1/2 (32)}) 14...
Rc8 15. Ne4 N7f6 16. Ng3 Rc7 17. Ne5 Qa8 18. Bg5 h6 19. Bd2 a5 20. Rfe1 Qc8 21.
Nh5 Rd8 22. Nxf6+ Nxf6 23. Bf4 Bd6 24. h3 Nd5 25. Bg3 Re8 26. Qd3 f5 27. Ba2
Qd8 {Sebag,M (2501)-Koneru,H (2607)/Beijing 2013/CBM 157 Extra/1-0 (40)}) ({RR
} 13. Rfd1 Nd5 14. Ne4 N7f6 15. Bd2 h6 16. Rac1 Bd6 17. Ne5 Qe7 18. Bb1 Rfc8
19. Qd3 Nxe4 20. Qxe4 Nf6 21. Qh4 Rxc1 22. Rxc1 Rd8 23. Be3 Rc8 24. Rxc8+ Bxc8
25. h3 Bb7 26. Ng4 Nxg4 27. Qxg4 Qf6 {
Akots,G (2129)-Bellan,I (2052)/Hungary 2006/EXT 2008/1-0 (47)}) 13... Rc8 14.
Ne5 Nxe5 15. dxe5 Nd5 16. Bd2 Nxc3 17. Bxc3 Qd5 18. f3 Rfd8 19. Rad1 Qc5+ 20.
Kh1 a5 21. Bb1 g6 22. Ba2 Qc6 23. Rxd8+ Rxd8 24. Rd1 Rxd1+ 25. Qxd1 Kg7 26. Qd4
Bc5 27. Qf4 Qd7 28. Qc1 Qd3 29. h3 {Diagram #} Bxf3 30. gxf3 Qxf3+ 31. Kh2 Qe2+
32. Kh1 Be3 33. Qe1 Qf3+ 34. Kh2 Bf2 35. Qf1 Bg3+ 0-1

[Event "31st open TETEVEN"]
[Site "Teteven"]
[Date "2016.08.21"]
[Round "9.4"]
[White "Bakker, Martijn"]
[Black "Badev, Kiril"]
[Result "0-1"]
[WhiteElo "2099"]
[BlackElo "2292"]
[PlyCount "144"]
[EventDate "2016.08.13"]
[EventType "swiss"]
[EventRounds "9"]
[EventCountry "BUL"]

1. d4 b5 2. e4 Bb7 3. Bxb5 Bxe4 4. Nf3 e6 5. O-O Nf6 6. Re1 Be7 7. Nbd2 ({RR} 
7. Nc3 Bb7 8. Bg5 O-O 9. Qe2 d6 10. Rad1 Nbd7 11. Bc1 a6 12. Ba4 Nb6 13. Bb3
Re8 14. a3 Bf8 15. Ng5 Nbd5 16. Nce4 h6 17. Nxf6+ Qxf6 18. Ne4 Qg6 19. c4 Nb6
20. Ng3 f5 21. Qc2 c5 {
Jussupow,A (2583)-Drazic,S (2495)/Bastia 2004/EXT 2005/1-0 (49)}) ({RR} 7. c4
O-O 8. Nc3 Bc6 9. Bxc6 Nxc6 10. d5 Na5 11. h3 Re8 12. Bf4 Bb4 13. Qc2 Nb7 14.
a3 Bd6 15. Bg5 h6 16. Bh4 c6 17. dxc6 dxc6 18. Rad1 Qa5 19. b4 Qc7 20. c5 Be7
21. Bg3 Qc8 {Alvarez Fernandez,E (2314)-Rodriguez Boado,M (2153)/Sanxenxo 2015/
CBM 167 Extra/1-0 (33)}) 7... Bb7 8. Nb3 O-O 9. Qe2 $146 ({RR} 9. c3 d6 10. Na5
Bd5 11. b4 a6 12. Ba4 Ra7 13. a3 c5 14. dxc5 dxc5 15. Bf4 Qb6 16. Ne5 Nfd7 17.
Nec4 Qd8 18. Ne3 Ba8 19. Ra2 e5 20. Nf5 Bf6 21. Bg3 e4 22. Re3 g6 23. Nh6+ Kg7
{Popchev,M (2426)-Petakov,U (2246)/Sombor 2008/EXT 2011/1/2 (68)}) ({RR} 9. Bg5
c6 10. Bd3 d6 11. Qd2 a5 12. a4 Nbd7 13. Qf4 Ba6 14. c4 Rb8 15. Nbd2 Rxb2 16.
Ne4 Nxe4 17. Qxe4 g6 18. Qh4 Re8 19. Re3 Nf8 {
1/2 Wittje,B (2266)-Wiebe,P (2230)/Germany 2010/EXT 2011}) ({RR} 9. Bd3 a5 10.
a4 Bd5 11. Nfd2 d6 12. Qe2 Nbd7 13. Nc4 Bxc4 14. Bxc4 d5 15. Bb5 c5 16. dxc5
Nxc5 17. Nd4 Bd6 18. g3 Nce4 19. Be3 Qc7 20. c3 h5 21. f3 Nc5 22. Rad1 Ncd7 23.
Kg2 Ne5 {Tarakcija,H (2190)-Seric,A (2054)/Croatia 2011/EXT 2014/1/2}) 9... c6
10. Bd3 d6 11. Bd2 Qc7 12. Rad1 Re8 13. Ng5 Bf8 14. Ne4 Nbd7 15. Bg5 Nxe4 16.
Qxe4 g6 17. Qh4 Bg7 18. Re3 a5 19. Rh3 Nf8 20. Nd2 f5 21. Nf3 Ba6 22. Bf6 Bxf6
23. Qxf6 Qe7 24. Qg5 Bxd3 25. Rxd3 Qxg5 26. Nxg5 Rab8 27. Rb3 a4 28. Rxb8 Rxb8
29. b3 Rb4 30. Rd3 Kg7 31. Kf1 Kf6 32. Nf3 axb3 33. axb3 Nd7 34. Nd2 Rb8 35.
Nc4 d5 36. Ne3 e5 37. dxe5+ Nxe5 38. Rd4 Ra8 39. f4 Ng4 40. Nxg4+ fxg4 41. Ra4
Re8 42. Kf2 Kf5 43. g3 h5 44. Rd4 Re4 45. Ra4 Re6 46. Rd4 Re7 47. Ra4 g5 48.
fxg5 Kxg5 49. Rd4 Kf5 50. Ra4 Ke5 51. Rf4 Ra7 52. Ke3 Ra1 53. Rf2 Rh1 54. b4
Rd1 55. Rf8 d4+ 56. Ke2 Rh1 57. Rf2 Ke4 58. Rf4+ Kd5 59. Rf5+ Kc4 60. Rxh5 Kxb4
61. Kd3 c5 62. Rh8 Rd1+ 63. Ke2 Ra1 64. Kd3 Ra3+ 65. Kd2 Rf3 66. Rg8 Kc4 67.
Rxg4 Rf2+ 68. Kd1 Kc3 69. Rf4 Rxc2 70. Rf3+ d3 71. h4 c4 72. h5 Rh2 0-1

[Event "31st open TETEVEN"]
[Site "Teteven"]
[Date "2016.08.21"]
[Round "9.5"]
[White "Mladenov, Emil"]
[Black "Raev, Rostislav"]
[Result "0-1"]
[WhiteElo "2012"]
[BlackElo "2257"]
[PlyCount "50"]
[EventDate "2016.08.13"]
[EventType "swiss"]
[EventRounds "9"]
[EventCountry "BUL"]

1. g3 d5 2. Bg2 Nf6 3. Nf3 e6 4. b3 b6 5. O-O Bb7 6. Bb2 Be7 7. Ne5 O-O 8. c4
a5 $146 ({RR} 8... c5 9. f4 ({RR} 9. d4 cxd4 10. Bxd4 Nc6 11. Nxc6 Bxc6 12. Nc3
Rc8 13. cxd5 Nxd5 14. Nxd5 Bxd5 15. e4 Bb7 16. Be5 Qxd1 17. Rfxd1 Rfd8 18.
Rxd8+ Rxd8 19. Bf4 Ba3 20. Be3 f6 21. f3 Ba6 22. Bf1 Bxf1 23. Kxf1 Kf7 {
Enkhnar,E (2309)-Gorbanovsky,O (2147)/Al Ain 2013/CBM 158 Extra/1/2 (51)}) 9...
Nc6 10. f5 Qc7 11. Nxc6 Bxc6 12. fxe6 fxe6 13. cxd5 exd5 14. e3 Ne4 15. Nc3
Rxf1+ 16. Qxf1 Rf8 17. Qd3 Qe5 18. Rf1 Rxf1+ 19. Qxf1 Qf6 20. Qe2 Qf5 21. Nxe4
dxe4 22. Qc4+ Kf8 23. d3 {Berger,V-Wallis,P/Scarborough 1927/EXT 2001/1-0 (49)}
) ({RR} 8... Qc8 9. d4 ({RR} 9. d3 c5 10. e3 Nbd7 11. f4 dxc4 12. bxc4 Bxg2 13.
Kxg2 Qb7+ 14. Kg1 Rad8 15. Nc3 Ne8 16. Qe2 f5 17. Rad1 Ndf6 18. h3 Nd6 19. a4
a6 20. Qg2 Rb8 21. Nc6 Rbc8 22. Nxe7+ Qxe7 23. g4 b5 {
Florian,J-Kottnauer,C/Chocen 1942/EXT 2001/1/2 (43)}) 9... dxc4 10. Bxb7 Qxb7
11. Nxc4 Nbd7 {1/2 Stevic,H (2511)-Kurajica,B (2542)/Solin/Split 2001/CBM 087})
({RR} 8... Nfd7 9. d4 Qc8 10. cxd5 exd5 11. Nd3 Na6 12. Nc3 Nf6 13. Rc1 Qf5 14.
Ne5 c6 15. Qd3 Qxd3 16. Nxd3 Rfd8 17. a3 Nc7 18. e3 Ne6 19. Rc2 Rac8 20. Rfc1
Kf8 21. Bh3 Bd6 22. f4 Rb8 23. Ne5 {
Iliesco,J-Maderna,C/Mar del Plata 1942/HCL/1-0 (46)}) 9. Nc3 Nfd7 10. cxd5 Nxe5
11. d6 Bxg2 12. dxe7 Qxe7 13. Kxg2 c5 14. Qc2 Nbc6 15. f4 Nd4 16. Qe4 Ng4 17.
Kh3 f5 18. Qh1 Rad8 19. Rad1 Rf6 20. Kg2 Rh6 21. h4 Rg6 22. Kh3 Nf6 23. d3 Nh5
24. Rg1 Rg4 25. e3 Nxg3 0-1

[Event "31st open TETEVEN"]
[Site "Teteven"]
[Date "2016.08.21"]
[Round "9.6"]
[White "Dokuzov, Yaroslav"]
[Black "Galunov, Todor"]
[Result "0-1"]
[WhiteElo "1893"]
[BlackElo "2287"]
[PlyCount "104"]
[EventDate "2016.08.13"]
[EventType "swiss"]
[EventRounds "9"]
[EventCountry "BUL"]

1. d4 d5 2. c4 c6 3. Nc3 Nf6 4. Nf3 dxc4 5. a4 Bf5 6. e3 e6 7. Bxc4 Bb4 8. O-O
O-O 9. Qe2 Nbd7 10. Rd1 Bg6 11. Bd3 Bh5 12. Qc2 ({RR} 12. h3 Qc7 13. g4 Bg6 14.
Bxg6 hxg6 15. Bd2 Be7 16. Rac1 Rad8 17. e4 Qb8 18. Kg2 Rfe8 19. Be3 Bb4 20. Bg5
e5 21. d5 Bxc3 22. dxc6 bxc6 23. Rxc3 Rc8 24. Qc2 Qb7 25. Nd2 Re7 26. Nc4 Rc7 {
Sipahioglu,I (2142)-Demir,B (2137)/Konya 2015/CBM 167 Extra/1-0 (35)}) 12...
Qe7 13. Ne4 Nxe4 14. Bxe4 Nf6 $146 ({RR} 14... f5 15. Bd3 e5 16. Bxf5 Bxf3 17.
Bxh7+ Kh8 18. gxf3 Rxf3 19. Be4 Qg5+ 20. Kh1 Rh3 21. Bf5 Rh4 22. Bxd7 Qh5 23.
f4 exf4 24. e4 Qf3+ 25. Kg1 Rh5 26. Bxf4 Qxf4 27. Qe2 Rh4 28. Rd3 Rd8 29. Rf1 {
Tisdall,J (2425)-Hector,J (2465)/Gausdal 1990/TD/1/2 (54)}) 15. Bd3 c5 16. dxc5
Rac8 17. Bd2 Bxd2 18. Qxd2 Rxc5 19. Be2 Rfc8 20. Rac1 h6 21. Rxc5 Qxc5 22. h3
a5 23. Qd4 Qxd4 24. Rxd4 Rc1+ 25. Kh2 Kf8 26. Rd8+ Ke7 27. Rb8 Rc7 28. Ra8 Rc2
29. Nd4 Rxe2 30. Nxe2 Bxe2 31. Rxa5 Nd5 32. Rc5 Kd6 33. Rc8 Kd7 34. Rf8 Ke7 35.
Rb8 Ba6 36. g4 Nb4 37. Kg3 Nd3 38. b3 Nc5 39. b4 Nxa4 40. Rg8 Kf6 41. Rb8 Nc3
42. h4 Nb5 43. Rc8 Nd6 44. Rc7 Bb5 45. Rc1 Bc4 46. Rd1 Ke7 47. f3 e5 48. Rd2 e4
49. f4 g6 50. Kf2 h5 51. gxh5 gxh5 52. Rd1 Nf5 0-1

[Event "31st open TETEVEN"]
[Site "Teteven"]
[Date "2016.08.21"]
[Round "9.7"]
[White "Arnaudov, Petar D."]
[Black "Dereshki, Dario"]
[Result "0-1"]
[WhiteElo "1989"]
[BlackElo "2004"]
[PlyCount "70"]
[EventDate "2016.08.13"]
[EventType "swiss"]
[EventRounds "9"]
[EventCountry "BUL"]

1. e4 c6 2. Nc3 d5 3. Nf3 Bg4 4. h3 Bxf3 5. Qxf3 d4 6. Nb1 Nd7 ({RR} 6... e6 7.
Bc4 ({RR} 7. g3 Nd7 8. d3 g6 9. Bg2 Bg7 10. O-O Ne7 11. Qe2 O-O 12. f4 Re8 13.
Nd2 Qc7 14. Nf3 b5 15. Bd2 Nb6 16. Qf2 Rad8 17. Nh4 f5 18. Rae1 c5 19. Nf3 Nd7
20. Ng5 Nf8 21. g4 h6 {
Belova,O (2013)-Demchenko,A (1705)/Sochi 2015/CBM 166 Extra/1-0 (60)}) 7... Nd7
8. Qg3 Ngf6 9. d3 Qa5+ 10. Nd2 Nh5 11. Qh2 Ne5 12. O-O Bb4 13. Nb3 Qc7 14. Nxd4
Bd6 15. Qh1 O-O-O 16. g4 Nf6 17. Bxe6+ Kb8 18. Bb3 h5 19. g5 Nfg4 20. Nf5 Bc5
21. Bf4 {Kudrin,S (2565)-Liang,C (2405)/Beijing 1998/CBM 066/1-0 (49)}) 7. d3
e5 8. g4 $146 ({RR} 8. g3 Qf6 9. Qxf6 Ngxf6 10. h4 Bd6 11. Bh3 Ke7 12. Nd2 b5
13. Ke2 Nb6 14. Nf3 Nfd7 {
1/2 Esser,N (2263)-Ratzmann,S (2004)/Goch 2008/EXT 2011}) ({RR} 8. Be2 Bb4+ 9.
c3 dxc3 10. bxc3 Bd6 11. O-O Ngf6 12. Qg3 O-O 13. Na3 Re8 14. Nc4 Bf8 15. f4
exf4 16. Bxf4 Nd5 17. Bd2 b5 18. Nd6 Bxd6 19. Qxd6 Re6 20. Qg3 N5f6 21. Kh1 Nc5
22. Bf4 Qe7 {
Berzina,I (2281)-Pavlovskaya,E (2188)/Stockholm 2008/CBM 123 Extra/1-0 (58)})
8... Bb4+ 9. Nd2 Qb6 10. Rb1 Qc5 11. Qd1 Qe7 12. a3 Ba5 13. b4 Bc7 14. Nf3 a5
15. c4 dxc3 16. Qb3 axb4 17. axb4 Ngf6 18. Qxc3 O-O 19. Be2 Ra2 20. Bd1 Bb6 21.
O-O Qd6 22. Bb3 Ra7 23. Be3 Re8 24. Qc4 Re7 25. Ng5 Bxe3 26. fxe3 b5 27. Qc3 h6
28. Nf3 c5 29. bxc5 Nxc5 30. Nh4 Rec7 31. Rfd1 Ncxe4 32. Qe1 Nc3 33. Nf3 Qb6
34. g5 hxg5 35. Qg3 Ne2+ 0-1